000 00300nam a22001337a 4500
008 170623b xxu||||| |||| 00| 0 eng d
020 _a9780495007418
041 _aeng
080 _a32
100 _a21
101 _aSHP
245 _aPOLITICS IN A CHANGING WORLD
_cETHRIDGE, M.E
942 _2udc
_cBK
999 _c19064
_d19064